Normal view MARC view
  • Walser, Richard,

Entry Personal Name

Number of records used in: 1

001 - CONTROL NUMBER

  • control field: 153565

003 - CONTROL NUMBER IDENTIFIER

  • control field: DLC

005 - DATE AND TIME OF LATEST TRANSACTION

  • control field: 20260413084230.0

008 - FIXED-LENGTH DATA ELEMENTS

  • fixed length control field: 801105n| azannaabn |a aaa

010 ## - LIBRARY OF CONGRESS CONTROL NUMBER

  • LC control number: n 80057390

035 ## - SYSTEM CONTROL NUMBER

  • System control number: (OCoLC)oca00439126

040 ## - CATALOGING SOURCE

  • Original cataloging agency: DLC
  • Language of cataloging: eng
  • Description conventions: rda
  • Transcribing agency: DLC
  • Modifying agency: DLC
  • Modifying agency: NcU
  • Modifying agency: DLC
  • Modifying agency: NcU
  • Modifying agency: DLC

046 ## - SPECIAL CODED DATES

  • Birth date: 19081023
  • Death date: 19881125

100 1# - HEADING--PERSONAL NAME

  • Personal name: Walser, Richard,
  • Dates associated with a name: 1908-1988

370 ## - ASSOCIATED PLACE

  • Place of birth: Lexington (N.C.)
  • Place of death: Raleigh (N.C.)
  • Associated country: United States
  • Place of residence/headquarters: North Carolina

372 ## - FIELD OF ACTIVITY

  • Field of activity: American literature--North Carolina--History and criticism
  • Source of term: lcsh

373 ## - ASSOCIATED GROUP

  • Associated group: North Carolina State University
  • Source of term: naf

374 ## - OCCUPATION

  • Occupation: College teacher

375 ## - GENDER

  • Gender: male

377 ## - ASSOCIATED LANGUAGE

  • Language code: eng

378 ## - FULLER FORM OF PERSONAL NAME

  • Fuller form of personal name: Richard Gaither

400 1# - SEE FROM TRACING--PERSONAL NAME

  • Control subfield: nne
  • Personal name: Walser, Richard Gaither,
  • Dates associated with a name: 1908-1988

670 ## - SOURCE DATA FOUND

  • Source citation: His North Carolina poetry, c1941.

670 ## - SOURCE DATA FOUND

  • Source citation: His Young readers' picturebook of Tar Heel authors, 1981:
  • Information found: t.p. (Richard Walser)

670 ## - SOURCE DATA FOUND

  • Source citation: NUCMC data from N.C. St. Archives for Hoyle, B.W. Papers, 1945-1989
  • Information found: (Walser, Richard Gaither, 1908-1988)

670 ## - SOURCE DATA FOUND

  • Source citation: Dictionary of North Carolina biography
  • Information found: (Walser, Richard Gaither; b. Oct. 23, 1908, Lexington, N.C., d. Nov. 25, 1988, Raleigh, N.C.; professor at North Carolina State University; author of books on North Carolina literature)
Devinim Yazılım Eğitim Danışmanlık tarafından Koha'nın orjinal sürümü uyarlanarak geliştirilip kurulmuştur.